Religion catholique : le péché - Statistiques

Statistiques générales
  • Ce quiz a été pris 66 fois
  • Le résultat moyen est 8 sur 16
Statistiques - réponses
Questions Réponses % Correct
Complétez cette parole du Christ dénonçant l'hypocrisie de gens qui se croient vertueux : "Que celui de vous qui est sans péché lui jette la première ____." (Jean 8.7) Pierre
80%
Femme qui n'a jamais péché, selon la tradition catholique, et n'est donc pas concernée par le péché précédent (réponse #4). La sainte Vierge Marie
76%
Qualificatif qui se réfère au péché et à la désobéissance d'Adam et d'Ève lorsqu'ils ont mangé le fruit défendu de l'arbre de la connaissance du bien et du mal. Le péché originel
72%
État d'une personne purifiée de tout péché du type précédent ou absous de celui-ci : l'état de ____. L'état de grâce
67%
Qualificatif qui se réfère au péché qui envoie en enfer, sauf éventuellement après confession. Le péché mortel
61%
Lieu dans lequel un fidèle se repend de ses péchés auprès d'un prêtre. Le confessionnal
59%
Péché capital considéré comme le plus grave par l'Église catholique car il veut que celui qui en est atteint se place sur un piédestal, au-dessus de ses semblables et ultimement au-dessus de Dieu. L'orgueil
57%
Péché capital que commettent deux êtres qui ont une relation sexuelle hors mariage. La luxure
56%
Groupes à qui s'adressa la remarque précédente. Les pharisiens
54%
Qualificatif qui se réfère au péché qui n'envoie pas en enfer. Les âmes ont vocation à être purifiées de ces péchés-là au purgatoire. Le péché véniel
52%
Femme visée par les précédents à qui Jésus dira ensuite, "va et ne pèche plus" : la femme _______. Adultère
50%
Acte qui remet le péché à l’instant même pourvu que le fidèle ait l'intention de se confesser plus tard si aucun prêtre n'est disponible sur le moment même : l'acte de ________ parfaite. L'acte de contrition parfaite
43%
Pardon sacramentel accordé par Dieu, par l'intermédiaire du prêtre pour les péchés dont le fidèle se repend. L'absolution
37%
Terme utilisé dans la chrétienté pour décrire la transition entre l'état d'obéissance innocente à Dieu des premiers hommes (Adam et Ève) à l'état de désobéissance coupable à la suite du péché précédent qui a corrompu l'ensemble du monde naturel. La chute
15%
Personnage qui, pour la première fois depuis 1918, confesse ses péchés à Don Camillo, notamment le fait qu'il l'avait battu avec un bâton de fer. Giuseppe Bottazzi dit Peppone
13%
Groupes à qui s'adressa la remarque précédente. Les scribes
13%
Aucun quiz correspondant
Distribution des résultats
% des personnes avec chaque résultat
Percentile par nombre de réponses
Votre historique - résultats
Vous n’avez pas pris ce quiz